000 00293nam a2200157Ia 4500
100 _aTuinenga/Paul W
250 _a3
942 _cRB
654 _aspice
245 _aSPICE
260 _bPrentice Hall
082 _a621.3815
_bTUI
300 _a288
546 _aENGLISH
999 _c19409
_d19409